000 00684nam a2200193Ii 4500
003 JO-AjNU
008 230605s9999||||xx |||||||||||||| ||und||
040 _aJO-AjNU
_bara
_erda
_cJO-AjNU
041 _aara
050 1 4 _aBP166.79.F37 1993
100 3 _aفريد، فتحي,
_eauthor
_936151
245 0 0 _aمن أسرار المغفرة والإستغفار في القرآن الكريم
264 3 1 _aالقاهرة: مكتبة النهضة المصرية، 1993
300 _a253ص
336 _atext
_btxt
_2rdacontent
337 _aunmediated
_bn
_2rdamedia
338 _avolume
_bnc
_2rdacarrier
650 4 _aالمغفرة في القرآن الكريم- التوبة
_936152
999 _aA14993
_c18561
_d18561